000 00718nam a2200217Ia 4500
003 GCL
005 20240530104453.0
008 140319s9999 xx 000 0 ara d
040 _aGCL /
_cGCL
082 0 4 _a327.2
_bا خ
100 1 _aاحمد حاطوم
245 1 0 _aالخيارات الصعبة : دبلوماسية البحث عن مخرج /
_cاحمد حاطوم
490 _aالهيئة العامة للاستعلامات
_v0
650 0 4 _aالنزاع العربى الاسرائيلى
650 0 4 _aالدبلوماسية
650 0 4 _aالسلام
650 0 4 _aسوريا - العلاقات الخارجية
700 1 _aايلى سالم
700 1 _aمخايل خورى
942 _2ddc
_cBK
999 _c47943
_d47943